000 00745nam a22002890a 4500
001 PT59763
003 AR-LpoUNG
005 20210131231928.0
008 191001s2012||||ag |||||||||||||||||spa d
020 _a9789872220440
_c$14
040 _aAR-LpoUNG
_bspa
_cAR-LpoUNG
_eaacr
041 _aspa
044 _aag
082 0 _a808.068 3 397par
100 1 _aPeña, Javier
245 1 3 _aUn partido diferente
250 _a1ra. ed.
260 _aBuenos Aires :
_bCalibroscopio,
_c2012.
300 _a[22] p. :
_bil.
505 0 _aSugerido a partir de 6 años (etiqueta AMARILLA)
650 4 _aCUENTOS
650 4 _aLITERATURA
653 _aLITERATURA INFANTIL
700 1 _aWilhelm, Judith
_eed.
905 _a59763
942 _cLIB
999 _c12692
_d12692